[Event "5th Paleochora Open"]
[Site "Paleochora GRE"]
[Date "2012.07.17"]
[Round "3.2"]
[White "Girya, O."]
[Black "David, Alb"]
[Result "1/2-1/2"]
[WhiteElo "2414"]
[BlackElo "2605"]
[PlyCount "90"]
[EventDate "2012.07.16"]
[SourceDate "1999.07.01"]

1. d4 e6 2. c4 Nf6 3. Nf3 d5 4. Nc3 Be7 5. Bg5 h6 6. Bh4 O-O 7. e3 b6 8. Bd3
Bb7 9. O-O Nbd7 10. Qe2 c5 11. Bg3 Ne4 12. cxd5 exd5 13. Rad1 Qc8 14. Rc1 Ndf6
15. Nd2 Nxg3 16. hxg3 c4 17. Bb1 Re8 18. Nf3 Bd6 19. Nh4 a6 20. Nf5 Bf8 21. Qf3
Qe6 22. Qf4 b5 23. g4 Rad8 24. Rfe1 Bc6 25. f3 b4 26. Ne2 Nh7 27. Qh2 Rd7 28.
Kf2 Bb5 29. Nf4 Qb6 30. Qh5 Ng5 31. Nh3 Qd8 32. Nxg5 Qxg5 33. Qh3 Rc7 34. f4
Qd8 35. g5 Bd7 36. gxh6 g6 37. Qg3 Bxf5 38. Bxf5 Qf6 39. Bb1 Bxh6 40. Qf3 Rce7
41. g4 Qd6 42. g5 Bg7 43. Rcd1 Rc7 44. Re2 a5 45. Bc2 Ra7 1/2-1/2

[Event "Mulhouse IM 2012"]
[Site "Mulhouse FRA"]
[Date "2012.07.03"]
[Round "2.4"]
[White "Genov, Peta"]
[Black "Barsov, A."]
[Result "1/2-1/2"]
[WhiteElo "2463"]
[BlackElo "2539"]
[PlyCount "40"]
[EventDate "2012.07.02"]
[SourceDate "1999.07.01"]

1. Nf3 d5 2. d4 Nf6 3. c4 e6 4. Nc3 Be7 5. Bg5 h6 6. Bh4 O-O 7. e3 b6 8. Bd3
dxc4 9. Bxc4 Bb7 10. O-O Ne4 11. Bxe7 Qxe7 12. Rc1 Rd8 13. Nxe4 Bxe4 14. Qe2
Nd7 15. Rfd1 c5 16. h3 cxd4 17. Rxd4 Nf6 18. Rcd1 Rxd4 19. Rxd4 Rd8 20. Rxd8+
Qxd8 1/2-1/2